header

Fieldworks (Record no. 5617)

MARC details
000 -LEADER
fixed length control field 01418nam a2200361Ia 4500
001 - CONTROL NUMBER
control field ebr10701230
003 - CONTROL NUMBER IDENTIFIER
control field CaPaEBR
006 - FIXED-LENGTH DATA ELEMENTS--ADDITIONAL MATERIAL CHARACTERISTICS--GENERAL INFORMATION
fixed length control field m o u
007 - PHYSICAL DESCRIPTION FIXED FIELD--GENERAL INFORMATION
fixed length control field cr cn|||||||||
008 - FIXED-LENGTH DATA ELEMENTS--GENERAL INFORMATION
fixed length control field 121015s2013 alu sb s001 0 eng d
010 ## - LIBRARY OF CONGRESS CONTROL NUMBER
Canceled/invalid LC control number 2012037998
020 ## - INTERNATIONAL STANDARD BOOK NUMBER
Cancelled/invalid ISBN 9780817386436
Cancelled/invalid ISBN 9780817357320 (pbk. : alk. paper)
Cancelled/invalid ISBN 0817357327 (pbk. : alk. paper)
040 ## - CATALOGING SOURCE
Original cataloging agency CaPaEBR
Transcribing agency CaPaEBR
035 ## - SYSTEM CONTROL NUMBER
System control number (OCoLC)849922567
050 14 - LIBRARY OF CONGRESS CALL NUMBER
Classification number PS310.P53
Item number S53 2013eb
082 04 - DEWEY DECIMAL CLASSIFICATION NUMBER
Classification number 811/.5409358
Edition number 23
100 1# - MAIN ENTRY--PERSONAL NAME
Personal name Shaw, Lytle.
245 10 - TITLE STATEMENT
Title Fieldworks
Medium [electronic resource] :
Remainder of title from place to site in postwar poetics /
Statement of responsibility, etc Lytle Shaw.
260 ## - PUBLICATION, DISTRIBUTION, ETC. (IMPRINT)
Place of publication, distribution, etc Tuscaloosa :
Name of publisher, distributor, etc University of Alabama Press,
Date of publication, distribution, etc 2013.
300 ## - PHYSICAL DESCRIPTION
Extent xiv, 379 p.
490 0# - SERIES STATEMENT
Series statement Modern and contemporary poetics
504 ## - BIBLIOGRAPHY, ETC. NOTE
Bibliography, etc Includes bibliographical references and index.
533 ## - REPRODUCTION NOTE
Type of reproduction Electronic reproduction.
Place of reproduction Palo Alto, Calif. :
Agency responsible for reproduction ebrary,
Date of reproduction 2013.
Note about reproduction Available via World Wide Web.
-- Access may be limited to ebrary affiliated libraries.
650 #0 - SUBJECT ADDED ENTRY--TOPICAL TERM
Topical term or geographic name as entry element American poetry
Chronological subdivision 20th century
General subdivision History and criticism.
Topical term or geographic name as entry element Place (Philosophy) in literature.
Topical term or geographic name as entry element Setting (Literature)
Topical term or geographic name as entry element Poetics
General subdivision History
Chronological subdivision 20th century.
655 #7 - INDEX TERM--GENRE/FORM
Genre/form data or focus term Electronic books.
Source of term local
710 2# - ADDED ENTRY--CORPORATE NAME
Corporate name or jurisdiction name as entry element ebrary, Inc.
856 40 - ELECTRONIC LOCATION AND ACCESS
Uniform Resource Identifier <a href="http://site.ebrary.com/lib/rucke/Doc?id=10701230">http://site.ebrary.com/lib/rucke/Doc?id=10701230</a>
Public note An electronic book accessible through the World Wide Web; click to view

No items available.

© 2026 Rongo University
Contact us: librarian | system librarian | Rongo university